The rough guide to Rajasthan, Delhi and Agra. (Record no. 54443)

MARC details
000 -LEADER
fixed length control field 01618nam a22003617a 4500
005 - DATE AND TIME OF LATEST TRANSACTION
control field 20110727124333.0
008 - FIXED-LENGTH DATA ELEMENTS--GENERAL INFORMATION
fixed length control field 110727t xxu||||| |||| 00| 0 eng d
010 ## - LCCN (DPL NO)
LC control number B-441093
020 ## - INTERNATIONAL STANDARD BOOK NUMBER
International Standard Book Number 9781843538646
Terms of availability 799.00
035 ## - SYSTEM CONTROL NUMBER
System control number B-441093
040 ## - CATALOGING SOURCE
Original cataloging agency DPL
Language of cataloging English
050 00 - LIBRARY OF CONGRESS CALL NUMBER
DPL Classification number DS485.R2
082 04 - DEWEY DECIMAL CLASSIFICATION NUMBER
Classification number 915.40453
Edition number 22
100 ## - MAIN ENTRY--PERSONAL NAME
Personal name Jacobs, Daniel
9 (RLIN) 30158
222 #4 - KEY TITLE
Key title The rough guide to Rajasthan, Delhi and Agra
245 04 - TITLE STATEMENT
Title The rough guide to Rajasthan, Delhi and Agra.
Statement of responsibility, etc witten by Daniel Jacobs and Gavin Thomas
246 30 - VARYING FORM OF TITLE
Title proper/short title Rajasthan, Delhi and Agra
260 ## - PUBLICATION, DISTRIBUTION, ETC. (IMPRINT)
Place of publication, distribution, etc New Delhi :
Name of publisher, distributor, etc Rough Guides,
Date of publication, distribution, etc 2007-
300 ## - PHYSICAL DESCRIPTION
Extent 463p.
Other physical details ill. (some col.), maps (some col.) ;
Dimensions 20 cm. (Pbk)
362 0# - DATES OF PUBLICATION AND/OR SEQUENTIAL DESIGNATION
Dates of publication and/or sequential designation 1st ed. (2007)-
500 ## - GENERAL NOTE
General note 1st ed. (2007)- written and researched by Daniel Jacobs and Gavin Thomas.
651 #0 - SUBJECT ADDED ENTRY--GEOGRAPHIC NAME
Geographic name Rajasthan (India)
Form subdivision Guidebooks.
9 (RLIN) 30159
651 #0 - SUBJECT ADDED ENTRY--GEOGRAPHIC NAME
Geographic name Delhi (India)
Form subdivision Guidebooks.
9 (RLIN) 30160
651 #0 - SUBJECT ADDED ENTRY--GEOGRAPHIC NAME
Geographic name Agra (India)
Form subdivision Guidebooks.
9 (RLIN) 30161
700 1# - ADDED ENTRY--PERSONAL NAME
Personal name Jacobs, Daniel,
Dates associated with a name 1959-
9 (RLIN) 30162
700 1# - ADDED ENTRY--PERSONAL NAME
Personal name Thomas, Gavin.
9 (RLIN) 30163
906 ## - LOCAL DATA ELEMENT F, LDF (RLIN)
a 7
942 ## - ADDED ENTRY ELEMENTS (KOHA)
Source of classification or shelving scheme Dewey Decimal Classification
Item type English Books
Classification part 915.40453
Call number suffix JAC
Holdings
Withdrawn status Lost status Source of classification or shelving scheme Damaged status Not for loan Collection code Home library Current library Date acquired Source of acquisition Cost, normal purchase price Total Checkouts Full call number Barcode Date last seen Copy number Cost, replacement price Koha item type
    Dewey Decimal Classification     Non-fiction Central Library Central Library 29/07/2011 RBC/25094/20.4.11/76/4.3.11/10.6.11 799.00   915.40453 JAC B-441093 29/07/2011 1 799.00 English Books

© Delhi Public Library
Hit Counter
free hit counter